000 00540nam a2200169 i 4500
001 136529
003 ES-MaACL
005 20230906195146.0
007 t|
008 070214q1924 sp r ||||1| spa d
100 1 _aSáenz de Tejada, Federico.
_9133074
245 1 3 _aEl cobro compulsivo de las deudas públicas
_b: el panamericanismo /
_cFederico Sáenz de Tejada.
250 _a5ª. ed.
260 _aBarcelona :
_bNuñez y Cie.,
_c[1924?]
300 _a48 p. ;
_c20 cm.
852 _aES-MaACL
_j1674-F-8
_bR.4641
_z.- Ded. ms. del autor
999 _c136529
_d136529